| 000 | 00790nam a22002057a 4500 | ||
|---|---|---|---|
| 005 | 20080618104238.0 | ||
| 008 | 080618t xxu||||| |||| 00| 0 eng d | ||
| 010 | _aENG-90368 | ||
| 020 |
_a8125035125 _c850.00 |
||
| 035 | _aEN-73901 | ||
| 037 | _bDBAD / PUB | ||
| 040 |
_aDPL _bEN |
||
| 082 | _a880.8 | ||
| 245 |
_aNew bearings in English studies: _cedited by R. Azhagarasan...[et al] _ba festschrift for C T Indra / |
||
| 260 |
_aNew Delhi _bOrient Longman _c2008 |
||
| 270 |
_a1/24, Asaf Ali Raod, _bNew Delhi _e110002 |
||
| 300 |
_axxvii, 243p. _c25 cm (Hb) |
||
| 942 |
_cEN _h880.8 _2ddc _mNEW |
||
| 999 |
_c13777 _d13777 |
||